Derecho de protección al consumidor
Guardat en:
| Autor principal: | |
|---|---|
| Format: | Llibre |
| Idioma: | espanyol |
| Publicat: |
Santiago
ConoSur
1998
|
| Matèries: | |
| Etiquetes: |
Afegir etiqueta
Sense etiquetes, Sigues el primer a etiquetar aquest registre!
|
MARC
| LEADER | 00000cam a2200000 a 4500 | ||
|---|---|---|---|
| 001 | UCR6860 | ||
| 003 | CL-VaPUC | ||
| 008 | 980424e19980000CL |||||||||||||||||spa|d | ||
| 020 | |a 956238165X | ||
| 082 | 0 | 4 | |a 343.071 |b AIM |2 21 |
| 100 | |a Aimone Gibson, Enrique |e autor |9 336 | ||
| 245 | 1 | 0 | |a Derecho de protección al consumidor |
| 300 | |a 313 p | ||
| 942 | |c BK | ||
| 945 | |d 19980424 00:00:00 |a rbrito | ||
| 260 | |a Santiago |b ConoSur |c 1998 | ||
| 650 | 0 | |a Protección al consumidor |9 255293 | |
| 650 | 0 | |a Consumidores |9 315658 | |
| 650 | 7 | |a LEGISLACION |2 CL-VaPUC |9 408046 | |
| 651 | 7 | |a CHILE |2 CL-VaPUC |9 408047 | |
| 583 | |a last modification |c 20190328 01:31:14 |k Rodrigo Vera | ||
| 999 | |c 268765 |d 268763 | ||
| 952 | |0 0 |1 0 |4 0 |6 343_071000000000000_AIM_1998 |7 0 |8 A |9 302080 |a BIBDER |b BIBDER |d 2019-11-20 |i 3558398 |o 343.071 AIM 1998 |p 3558398 |r 2023-01-25 |w 2019-11-20 |y BK |k DER | ||
| 952 | |0 0 |1 0 |2 ddc |4 0 |6 343_071000000000000_AIM_1998 |7 1 |8 C_LRYV |9 302081 |a BIBDER |b BIBDER |d 2019-11-20 |i 355838K |o 343.071 AIM 1998 |p 355838K |r 2023-01-25 |w 2019-11-20 |y BK_X |k BRV | ||
| 952 | |0 0 |1 0 |3 erb |4 0 |6 343_071000000000000_AIM_1998 |7 0 |8 A |9 302082 |a BIBDER |b BIBDER |i 5539714 |l 1 |o 343.071 AIM 1998 |p 5539714 |r 2023-05-15 |s 2023-05-15 |w 2019-11-20 |y BK |z Catalogado en:20190329 |k DER | ||